[Event "29th ECC Women 2025"]
[Site "Rhodes GRE"]
[Date "2025.10.23"]
[Round "5.5"]
[White "Zhu, Jiner"]
[Black "Injac, Teodora"]
[Result "1/2-1/2"]
[WhiteTitle "GM"]
[BlackTitle "IM"]
[WhiteElo "2569"]
[BlackElo "2436"]
[WhiteTeam "Tajfun SK Ljubljana"]
[BlackTeam "Sirmium Sremska Mitrovica"]
[WhiteFideId "8608059"]
[BlackFideId "932400"]
[EventDate "2025.10.19"]

1. d4 Nf6 2. c4 e6 3. Nc3 d5 4. cxd5 exd5 5. Bg5 c6 6. e3 h6 7. Bh4 Be7 8. Bd3
O-O 9. Qc2 Ne8 10. Bg3 Nd6 11. Nf3 Be6 12. O-O Nd7 13. Ne5 Nf6 14. h3 Qc8 15.
Rad1 Bf5 16. Rfe1 Bxd3 17. Nxd3 Nde4 18. Be5 Bd6 19. Ne2 Be7 20. f3 Nd6 21. Nc3
Nd7 22. e4 dxe4 23. fxe4 Nxe5 24. Nxe5 Qe6 25. Nf3 Rfe8 26. Kh1 Bf8 27. a3 Rac8
28. Qf2 a5 29. e5 Nc4 30. Ne4 Rcd8 31. Rf1 Be7 32. Rde1 b6 33. Nc3 b5 34. d5
cxd5 35. Nxb5 Rf8 36. Nfd4 Qb6 37. Nf5 Bc5 38. Qg3 Qg6 39. Qc3 a4 40. Rf3 Kh8
41. Nbd4 Bxd4 42. Nxd4 Rc8 43. Rg3 Nxe5 44. Qe3 Qe4 45. Qd2 Nc4 46. Qf2 Qh4 47.
Nf5 Qf6 48. Rf1 Nd6 49. Nxd6 Qxd6 50. Rg4 Rc4 51. Rxc4 dxc4 52. Qa7 Qd3 53. Rxf7
Rxf7 54. Qxf7 Qb1+ 55. Kh2 Qxb2 56. Qf8+ Kh7 57. Qf5+ Kh8 58. Qf8+ 1/2-1/2

[Event "29th ECC Women 2025"]
[Site "Rhodes GRE"]
[Date "2025.10.23"]
[Round "5.6"]
[White "Garifullina, Leya"]
[Black "Dzagnidze, Nana"]
[Result "1-0"]
[WhiteTitle "IM"]
[BlackTitle "GM"]
[WhiteElo "2453"]
[BlackElo "2496"]
[WhiteTeam "Sirmium Sremska Mitrovica"]
[BlackTeam "Tajfun SK Ljubljana"]
[WhiteFideId "34127035"]
[BlackFideId "13601903"]
[EventDate "2025.10.19"]

1. e4 c5 2. Nf3 a6 3. c3 d5 4. exd5 Qxd5 5. d4 e6 6. Be3 Nd7 7. c4 Qc6 8. Nc3
Ngf6 9. Rc1 b6 10. Ne5 Nxe5 11. dxe5 Nd7 12. Bd3 Bb7 13. Be4 Qc7 14. f4 Be7 15.
O-O Bxe4 16. Nxe4 O-O 17. Bd2 f5 18. exf6 Bxf6 19. Nxf6+ Rxf6 20. Qe2 Re8 21.
Qe4 Rf7 22. Bc3 Nf6 23. Qf3 Qb7 24. Qxb7 Rxb7 25. Rfe1 Kf7 26. Rcd1 Rd7 27.
Rxd7+ Nxd7 28. Rd1 Nf6 29. Rd6 Rb8 30. Rc6 Rb7 31. h3 Ke7 32. Rc8 b5 33. cxb5
axb5 34. Rxc5 Ne4 35. Rc8 Nxc3 36. Rxc3 b4 37. Rb3 Ra7 38. Rxb4 Rxa2 39. Kf2 Kf6
40. Rb5 h6 41. Kf3 Ra1 42. h4 Rf1+ 43. Kg3 g6 44. h5 Rb1 45. Kg4 gxh5+ 46. Kxh5
Rg1 47. Kxh6 Rxg2 48. Kh5 Rg1 49. Kh4 Rg2 50. Kh3 Rg8 51. b4 Rg1 52. Rc5 Ke7 53.
b5 Kd6 54. Re5 Kd7 55. Rg5 Rb1 56. Kg4 Rb4 57. Re5 Kd6 58. Kg5 Kd7 59. Rc5 Kd6
60. Rc6+ Kd7 61. Rb6 Ke7 62. Rb8 Kd7 63. b6 Rb5+ 64. Kg6 Rf5 65. Rb7+ Kd6 66.
Rf7 Rb5 67. b7 Kc6 68. Re7 Kd6 69. Kf7 Rf5+ 70. Ke8 Rb5 71. Kd8 Rb1 72. Rf7 Rb2
73. Rd7+ Kc6 74. Kc8 1-0

[Event "29th ECC Women 2025"]
[Site "Rhodes GRE"]
[Date "2025.10.23"]
[Round "5.7"]
[White "Badelka, Olga"]
[Black "Salimova, Nurgyul"]
[Result "0-1"]
[WhiteTitle "IM"]
[BlackTitle "IM"]
[WhiteElo "2377"]
[BlackElo "2385"]
[WhiteTeam "Tajfun SK Ljubljana"]
[BlackTeam "Sirmium Sremska Mitrovica"]
[WhiteFideId "13509926"]
[BlackFideId "2915138"]
[EventDate "2025.10.19"]

1. c4 e5 2. Nc3 Nc6 3. g3 g6 4. Bg2 Bg7 5. d3 d6 6. Nf3 Nge7 7. O-O O-O 8. e4 h6
9. Rb1 f5 10. exf5 Bxf5 11. b4 Qd7 12. b5 Nd8 13. Ne1 Bh3 14. Ne4 Bxg2 15. Nxg2
Ne6 16. f4 exf4 17. Bxf4 g5 18. Be3 Rxf1+ 19. Qxf1 Rf8 20. Qe2 Nd4 21. Bxd4
Bxd4+ 22. Kh1 Ng6 23. Rf1 Rxf1+ 24. Qxf1 Qe6 25. Ne1 Bg7 26. Nc2 d5 27. cxd5
Qxd5 28. Ne3 Qxb5 29. Ng4 Qd5 30. Qf3 Qe6 31. a4 Ne5 32. Nxe5 Qxe5 33. Qg4 Qd5
34. Qc8+ Kh7 35. h4 gxh4 36. gxh4 c6 37. Kg2 b5 38. a5 b4 39. Kf2 b3 40. Ke2 b2
41. Nd2 Qh5+ 42. Ke3 Qe5+ 43. Kf3 Qxa5 44. Qxc6 Qh5+ 45. Ke3 Qxh4 46. Qb7 Qe1+ 0-1

[Event "29th ECC Women 2025"]
[Site "Rhodes GRE"]
[Date "2025.10.23"]
[Round "5.8"]
[White "Balabayeva, Xeniya"]
[Black "Vantika, Agrawal"]
[Result "1-0"]
[WhiteTitle "WGM"]
[BlackTitle "IM"]
[WhiteElo "2349"]
[BlackElo "2377"]
[WhiteTeam "Sirmium Sremska Mitrovica"]
[BlackTeam "Tajfun SK Ljubljana"]
[WhiteFideId "13719688"]
[BlackFideId "25050389"]
[EventDate "2025.10.19"]

1. d4 Nf6 2. c4 e6 3. Nc3 Bb4 4. Nf3 d5 5. Bg5 h6 6. Bxf6 Qxf6 7. Qa4+ Nc6 8. e3
O-O 9. Be2 dxc4 10. a3 Bxc3+ 11. bxc3 e5 12. Qxc4 e4 13. Nd2 Bf5 14. O-O Qg6 15.
f3 exf3 16. Rxf3 Bg4 17. Bd3 Qh5 18. Rg3 Be6 19. Qa4 f5 20. Rf1 a6 21. Qc2 b5
22. c4 bxc4 23. Bxc4 Qf7 24. Rxf5 Qxf5 25. Qxf5 Rxf5 26. Bxe6+ Rf7 27. Bd5 Rb8
28. Bxc6 Rf6 29. Bd5+ Kf8 30. h4 Rb2 31. Ne4 Rb1+ 32. Kh2 Rff1 33. Rg6 Rh1+ 34.
Kg3 Rbe1 35. Kf3 Rhf1+ 36. Nf2 Rc1 37. Be4 a5 38. Bd3 Rg1 39. Re6 Kf7 40. d5 g5
41. h5 Rc3 42. Ng4 Rxa3 43. Bg6+ Kg7 44. Re7+ Kf8 45. Rxc7 Rf1+ 46. Kg3 Ra2 47.
d6 Rd2 48. Nxh6 Rxd6 49. Rc8+ Kg7 50. Nf5+ Rxf5 51. Rc7+ Kf6 52. Rf7+ Ke6 53.
Rxf5 Ra6 54. h6 a4 55. h7 Ra8 56. Ra5 Rh8 57. Ra6+ Ke5 58. Kg4 a3 59. Kxg5 1-0

[Event "29th ECC Women 2025"]
[Site "Rhodes GRE"]
[Date "2025.10.23"]
[Round "5.9"]
[White "Harmsen, Jessica"]
[Black "Batsiashvili, Nino"]
[Result "0-1"]
[WhiteTitle "WIM"]
[BlackTitle "GM"]
[WhiteElo "2046"]
[BlackElo "2469"]
[WhiteTeam "De Stukkenjagers"]
[BlackTeam "SuperChess"]
[WhiteFideId "1001612"]
[BlackFideId "13602993"]
[EventDate "2025.10.19"]

1. e4 e5 2. Nf3 Nc6 3. Bc4 Nf6 4. d3 Bc5 5. c3 a5 6. a4 d6 7. h3 Ba7 8. Nbd2 O-O
9. Bb3 Ne7 10. Nc4 c6 11. Qe2 Ng6 12. g3 Be6 13. Ng5 d5 14. Nxe6 fxe6 15. Nd2
Nxe4 16. dxe4 Rxf2 17. Qxf2 Bxf2+ 18. Kxf2 Qb6+ 19. Ke2 Rf8 20. Rf1 Rxf1 21.
Kxf1 Qe3 22. Kg2 Qe2+ 23. Kg1 h5 24. h4 Qg4 25. Kf2 Nf4 26. gxf4 Qxh4+ 27. Ke2
Qh2+ 28. Kd1 exf4 29. exd5 cxd5 30. Ra3 h4 31. c4 Qg1+ 32. Kc2 Qg6+ 33. Kd1 h3
34. Nf1 Qg1 35. cxd5 Qxf1+ 36. Kc2 Qe2+ 37. Bd2 h2 38. dxe6 h1=Q 39. e7+ Kh7 0-1

[Event "29th ECC Women 2025"]
[Site "Rhodes GRE"]
[Date "2025.10.23"]
[Round "5.10"]
[White "Wagner, Dinara"]
[Black "Van Amerongen, Marleen"]
[Result "1-0"]
[WhiteTitle "IM"]
[WhiteElo "2410"]
[BlackElo "2057"]
[WhiteTeam "SuperChess"]
[BlackTeam "De Stukkenjagers"]
[WhiteFideId "24157570"]
[BlackFideId "1002503"]
[EventDate "2025.10.19"]

1. d4 Nf6 2. Nf3 g6 3. c4 Bg7 4. Nc3 O-O 5. e4 d6 6. Be2 e5 7. d5 a5 8. Be3 Ng4
9. Bg5 f6 10. Bh4 Na6 11. Nd2 Nh6 12. h3 Qe8 13. a3 f5 14. f3 Bd7 15. Qc2 Nc5
16. g4 Kh8 17. O-O-O Ng8 18. g5 c6 19. Nb3 Qb8 20. Nxc5 dxc5 21. dxc6 Bxc6 22.
Bg3 Rf7 23. Kb1 Ne7 24. h4 h5 25. gxh6 Bxh6 26. Nd5 f4 27. Bf2 b6 28. Qb3 Nxd5
29. cxd5 Be8 30. d6 Rd7 31. h5 gxh5 32. Qe6 Bg7 33. Bc4 Bf7 34. Qxd7 Bxc4 35.
Rxh5+ Kg8 36. Rg1 1-0

[Event "29th ECC Women 2025"]
[Site "Rhodes GRE"]
[Date "2025.10.23"]
[Round "5.11"]
[White "De Wit, Patricia"]
[Black "Fataliyeva, Ulviyya"]
[Result "0-1"]
[BlackTitle "IM"]
[WhiteElo "2006"]
[BlackElo "2410"]
[WhiteTeam "De Stukkenjagers"]
[BlackTeam "SuperChess"]
[WhiteFideId "1002147"]
[BlackFideId "13403052"]
[EventDate "2025.10.19"]

1. e4 c5 2. g3 d5 3. exd5 Qxd5 4. Nf3 Bg4 5. Bg2 Qe6+ 6. Kf1 Nc6 7. h3 Bh5 8. d3
Qd7 9. Nbd2 e6 10. g4 Bg6 11. Nh4 Nge7 12. Nc4 Nd5 13. Nxg6 fxg6 14. Qe2 Be7 15.
Ne5 Nxe5 16. Qxe5 O-O 17. Bg5 Bxg5 18. Qxg5 Nf4 19. Qe5 c4 20. d4 Qa4 21. Be4
Qb4 22. Rd1 Qxb2 23. f3 Qxa2 24. Rh2 Qb2 25. Qc7 Nd5 26. Bxd5 exd5 27. f4 Qc3 0-1

[Event "29th ECC Women 2025"]
[Site "Rhodes GRE"]
[Date "2025.10.23"]
[Round "5.12"]
[White "Bulmaga, Irina"]
[Black "Do, Huong"]
[Result "1-0"]
[WhiteTitle "IM"]
[WhiteElo "2396"]
[BlackElo "1838"]
[WhiteTeam "SuperChess"]
[BlackTeam "De Stukkenjagers"]
[WhiteFideId "13903063"]
[BlackFideId "1060864"]
[EventDate "2025.10.19"]

1. e4 c5 2. Nf3 Nc6 3. Bb5 Qc7 4. O-O d6 5. c3 a6 6. Bxc6+ bxc6 7. d4 cxd4 8.
cxd4 e6 9. Bf4 Nf6 10. Nbd2 Nh5 11. Be3 d5 12. Rc1 Be7 13. exd5 exd5 14. Ne5 Nf6
15. Nxc6 Bd6 16. Ne5 Qb8 17. Bg5 O-O 18. Bxf6 gxf6 19. Ng4 Kg7 20. Qf3 f5 21.
Ne3 f4 22. Nxd5 Bb7 23. Qg4+ Kh8 24. Nf6 Qd8 25. Qf5 1-0

[Event "29th ECC Women 2025"]
[Site "Rhodes GRE"]
[Date "2025.10.23"]
[Round "5.13"]
[White "Muzychuk, Anna"]
[Black "Ushenina, Anna"]
[Result "1/2-1/2"]
[WhiteTitle "GM"]
[BlackTitle "GM"]
[WhiteElo "2525"]
[BlackElo "2407"]
[WhiteTeam "Turkish Airlines sports club"]
[BlackTeam "CE Gambit Bonnevoie"]
[WhiteFideId "14111330"]
[BlackFideId "14110911"]
[EventDate "2025.10.19"]

1. e4 c5 2. Nf3 Nc6 3. Bb5 d6 4. O-O Bd7 5. Re1 a6 6. Bxc6 Bxc6 7. d4 cxd4 8.
Nxd4 Rc8 9. c4 g6 10. Nc3 Nf6 11. b3 Bg7 12. Bg5 h6 13. Bd2 Nd7 14. Be3 O-O 15.
Qd2 Kh7 16. Rad1 Qa5 17. f3 Nf6 18. Re2 Bd7 19. a4 Rfd8 20. Bf2 e6 21. Re3 Be8
22. Kh1 Nd7 23. Bh4 g5 24. Bf2 Ne5 25. Re2 Ng6 26. Be3 Qe5 27. Ree1 Qa5 28. Re2
Qe5 29. g3 Qa5 30. Kg2 Qb4 31. Na2 Qxd2 32. Rexd2 Bf8 33. Nc3 Be7 34. Nde2 Bc6
35. Bb6 Rf8 36. Ba5 Ne5 37. Bb4 g4 38. f4 Nd7 39. Nd4 Rb8 40. Nxc6 bxc6 41. Bxd6 1/2-1/2

[Event "29th ECC Women 2025"]
[Site "Rhodes GRE"]
[Date "2025.10.23"]
[Round "5.14"]
[White "Maltsevskaya, Aleksandra"]
[Black "Muzychuk, Mariya"]
[Result "1/2-1/2"]
[WhiteTitle "IM"]
[BlackTitle "GM"]
[WhiteElo "2394"]
[BlackElo "2485"]
[WhiteTeam "CE Gambit Bonnevoie"]
[BlackTeam "Turkish Airlines sports club"]
[WhiteFideId "24174041"]
[BlackFideId "14114550"]
[EventDate "2025.10.19"]

1. e4 e5 2. Nf3 Nc6 3. Bc4 Bc5 4. c3 Nf6 5. d4 exd4 6. cxd4 Bb4+ 7. Nbd2 Nxe4 8.
d5 Ne7 9. O-O Nxd2 10. Nxd2 O-O 11. a3 Ba5 12. d6 cxd6 13. Ne4 d5 14. Bxd5 Nxd5
15. Qxd5 d6 16. Bg5 Be6 17. Bxd8 Bxd5 18. Nf6+ gxf6 19. Bxa5 Bb3 20. a4 b5 21.
axb5 Rfb8 22. Bc3 Rxb5 23. Bxf6 a5 24. Rfe1 h6 25. Re3 Kh7 26. Rd3 d5 27. Rf3 a4
28. Bd4 Rb7 29. Re1 Rg8 30. Rf4 Bc2 31. h4 f5 32. Re5 Rd7 33. f3 h5 34. Bc3 Rc8
35. Re2 Bd1 36. Rd2 Bb3 37. Bd4 Rc1+ 38. Kf2 Rc2 39. Rxc2 Bxc2 40. Ke3 Kg6 41.
Bc3 Rb7 42. Rd4 Bb3 43. Kf4 Rc7 44. Rd3 Rc4+ 45. Bd4 Bc2 46. Rd2 Bb3 47. Ke5 Rc2
48. Rxc2 Bxc2 49. Kxd5 Bd3 50. f4 Bc2 1/2-1/2

[Event "29th ECC Women 2025"]
[Site "Rhodes GRE"]
[Date "2025.10.23"]
[Round "5.15"]
[White "Tsolakidou, Stavroula"]
[Black "Danielian, Elina"]
[Result "1/2-1/2"]
[WhiteTitle "IM"]
[BlackTitle "GM"]
[WhiteElo "2453"]
[BlackElo "2410"]
[WhiteTeam "Turkish Airlines sports club"]
[BlackTeam "CE Gambit Bonnevoie"]
[WhiteFideId "4264312"]
[BlackFideId "13300210"]
[EventDate "2025.10.19"]

1. e4 c6 2. d4 d5 3. e5 Bf5 4. Nf3 e6 5. Be2 Nd7 6. O-O a5 7. Nc3 a4 8. Bd2 Ne7
9. b3 a3 10. Rc1 b5 11. Nb1 Bg4 12. c4 Bxf3 13. Bxf3 Nf5 14. cxd5 cxd5 15. Bg4
g6 16. Bxf5 gxf5 17. Nc3 Qb6 18. Qh5 Be7 19. Bg5 Bxg5 20. Qxg5 Kf8 21. Qh6+ Ke7
22. Qh4+ Kf8 23. Ne2 h6 24. Nf4 Qd8 25. Qxd8+ Rxd8 26. Rc7 Kg7 27. Rfc1 Rhe8 28.
R1c6 Kf8 29. h4 Nb8 30. Rb6 Rc8 31. Rxc8 Rxc8 32. Rxb5 Rc1+ 33. Kh2 Nc6 34. Nh5
Ke8 35. Nf6+ Kd8 36. Rb6 Nxd4 37. Ra6 Nc6 38. Rxa3 d4 39. b4 Nxb4 40. Ra7 Kc8
41. Rd7 Rc4 42. Rd6 Nd3 43. Nd7 Kc7 44. f3 Ra4 45. Nf6 Nxe5 46. Ne8+ Kc8 47. Kg3
Nd7 48. Kh3 h5 49. f4 Ra3+ 50. g3 d3 51. Rd4 Nc5 52. Nd6+ Kb8 53. Nxf7 Rxa2 54.
Ng5 Ra4 55. Rxa4 Nxa4 56. Nf3 Nc5 57. Kg2 Ne4 58. Kf1 Kc7 59. Ne5 d2 60. Ke2 Kd6
61. Nc4+ Kd5 62. Nxd2 Nxg3+ 63. Kf3 Ne4 1/2-1/2

[Event "29th ECC Women 2025"]
[Site "Rhodes GRE"]
[Date "2025.10.23"]
[Round "5.16"]
[White "Jarocka, Liwia"]
[Black "Narva, Mai"]
[Result "1-0"]
[WhiteTitle "FM"]
[BlackTitle "IM"]
[WhiteElo "2243"]
[BlackElo "2403"]
[WhiteTeam "CE Gambit Bonnevoie"]
[BlackTeam "Turkish Airlines sports club"]
[WhiteFideId "21807558"]
[BlackFideId "4500512"]
[EventDate "2025.10.19"]

1. e4 c5 2. Nc3 d6 3. Bb5+ Bd7 4. Bxd7+ Qxd7 5. d4 cxd4 6. Qxd4 Nc6 7. Qd3 g6 8.
Nf3 Bg7 9. O-O Nf6 10. Nd5 O-O 11. Bg5 Ng4 12. h3 Nge5 13. Nxe5 Nxe5 14. Qe2 Nc6
15. c3 h6 16. Bh4 Rae8 17. Rad1 f5 18. f3 e6 19. Ne3 d5 20. Nc2 fxe4 21. fxe4
Rxf1+ 22. Rxf1 d4 23. cxd4 Nxd4 24. Nxd4 Bxd4+ 25. Kh1 Rf8 26. Rxf8+ Kxf8 27.
Qd2 Kg7 28. Bg3 Qa4 29. b3 1-0

[Event "29th ECC Women 2025"]
[Site "Rhodes GRE"]
[Date "2025.10.23"]
[Round "5.17"]
[White "Sivanandan, Bodhana"]
[Black "Tetenkina, Irina"]
[Result "1-0"]
[WhiteTitle "WFM"]
[BlackTitle "WIM"]
[WhiteElo "2205"]
[BlackElo "2092"]
[WhiteTeam "She plays to win Lionesses #1"]
[BlackTeam "Wasa SK"]
[WhiteFideId "497592"]
[BlackFideId "13500996"]
[EventDate "2025.10.19"]

1. e4 g6 2. d4 d6 3. Nc3 Bg7 4. Be3 Nf6 5. Qd2 Nbd7 6. O-O-O c6 7. e5 Ng4 8.
exd6 exd6 9. Bf4 Nb6 10. h3 Nf6 11. Nf3 h6 12. Bd3 Be6 13. Rhe1 Qd7 14. Re2
O-O-O 15. Rde1 g5 16. Bg3 Rhe8 17. a3 Bc4 18. Bxc4 Nxc4 19. Qd3 Nb6 20. Nd2 Rxe2
21. Rxe2 Re8 22. Nde4 Nxe4 23. Nxe4 Re6 24. f3 Kd8 25. h4 f5 26. Nc3 Rxe2 27.
Nxe2 Qe6 28. hxg5 hxg5 29. Bf2 f4 30. b3 d5 31. Kd2 Bf8 32. a4 Nd7 33. Ng1 Bd6
34. Nh3 g4 35. Ng5 Qg8 36. Bh4 gxf3 37. gxf3 Kc8 38. Qf5 Qh8 39. Bf2 Qf6 40.
Qxf6 Nxf6 41. Bh4 Nh5 42. Nh3 Kd7 43. Nf2 Ng7 44. c3 Ke6 45. Nd3 Kd7 46. Bf6 Nh5
47. Be5 b6 48. b4 Bxe5 49. Nxe5+ Kd6 50. Nd3 Ke6 51. Ke2 Kf5 52. Ne5 c5 53. Nc6
cxb4 54. cxb4 a6 55. Nb8 a5 56. Nd7 axb4 57. Nxb6 Ng3+ 58. Kd3 Ne4 59. Nxd5 Nd6
60. Nxb4 Ke6 61. d5+ Ke5 62. a5 Nb7 63. a6 Nc5+ 64. Kc4 1-0

[Event "29th ECC Women 2025"]
[Site "Rhodes GRE"]
[Date "2025.10.23"]
[Round "5.18"]
[White "Johansson, Viktoria"]
[Black "Subramanian, Anusha"]
[Result "0-1"]
[WhiteTitle "WIM"]
[BlackTitle "WFM"]
[WhiteElo "2033"]
[BlackElo "2056"]
[WhiteTeam "Wasa SK"]
[BlackTeam "She plays to win Lionesses #1"]
[WhiteFideId "1701940"]
[BlackFideId "477710"]
[EventDate "2025.10.19"]

1. d4 d5 2. c4 dxc4 3. Nf3 a6 4. a4 Nc6 5. e3 e5 6. Bxc4 e4 7. Nfd2 Qg5 8. g3
Qg6 9. Nc3 Nf6 10. f3 exf3 11. Nxf3 Bg4 12. O-O Rd8 13. Qe1 Bxf3 14. Rxf3 Bb4
15. Bd2 O-O 16. Qf2 Ng4 17. Qe2 h5 18. Raf1 Nh6 19. Nd5 Bxd2 20. Qxd2 Qg5 21. h4
Qg4 22. Kh2 Qd7 23. Kg2 Kh8 24. e4 Ne7 25. Qg5 Nxd5 26. Bxd5 c6 27. Rf6 Kh7 28.
Rxh6+ gxh6 29. Qxh5 f6 30. Ba2 Qe8 31. Qf3 Rxd4 32. Bb1 Qe5 33. Qb3 Rd2+ 34. Rf2
Rxf2+ 35. Kxf2 b5 36. axb5 axb5 37. Qa3 Rg8 38. b4 Rg7 39. Qb3 Qd4+ 40. Kg2 Qe5
41. Kh3 Rd7 42. Ba2 Rg7 43. Bb1 h5 44. Ba2 Qd4 45. Qf3 Qd7+ 46. Kh2 Qg4 47. Qe3
Re7 48. Bb1 Kg7 49. Bd3 Rd7 50. Be2 Qe6 51. Bxh5 Qa2+ 52. Kh3 Rd2 53. Bf3 Rh2+
54. Kg4 Qe6+ 55. Kh5 Qe5+ 56. Kg4 f5+ 0-1

[Event "29th ECC Women 2025"]
[Site "Rhodes GRE"]
[Date "2025.10.23"]
[Round "5.19"]
[White "Weersing, Abigail Riis"]
[Black "Isurina Mariano, Cristine Rose"]
[Result "1-0"]
[WhiteTitle "WFM"]
[BlackTitle "WIM"]
[WhiteElo "2032"]
[BlackElo "1990"]
[WhiteTeam "She plays to win Lionesses #1"]
[BlackTeam "Wasa SK"]
[WhiteFideId "460036"]
[BlackFideId "5201071"]
[EventDate "2025.10.19"]

1. d4 f5 2. g3 Nf6 3. Bg2 d5 4. c4 e6 5. Nh3 g6 6. O-O Bg7 7. Bf4 O-O 8. Nd2 c6
9. Nf3 h6 10. Bxb8 Rxb8 11. Nf4 g5 12. Ng6 Re8 13. e3 Kh7 14. Nge5 Qc7 15. Qc2
Nd7 16. Nd3 Rf8 17. Nd2 Qd6 18. Rad1 b6 19. b4 Bb7 20. Qa4 Ra8 21. Rb1 Qe7 22.
Qb3 Qf7 23. Nf3 Rg8 24. Rbc1 Rac8 25. Rc2 Bf6 26. Rfc1 h5 27. cxd5 exd5 28. b5
Qe6 29. Qa4 cxb5 30. Qxa7 Rxc2 31. Rxc2 Rg7 32. Rc7 g4 33. Nd2 Bc6 34. Nb4 Nf8
35. Nxc6 Qd6 36. Rxg7+ Bxg7 37. Qxb6 Qa3 38. Bxd5 Qc1+ 39. Nf1 Nd7 40. Qxb5 Nf6
41. Be6 Kh6 42. Ne7 Bf8 43. Nxf5+ Kg6 44. Nh4+ Kh7 45. Qf5+ 1-0

[Event "29th ECC Women 2025"]
[Site "Rhodes GRE"]
[Date "2025.10.23"]
[Round "5.20"]
[White "Borisova, Borislava"]
[Black "Ashton, Alannah"]
[Result "1/2-1/2"]
[WhiteTitle "WIM"]
[BlackTitle "WCM"]
[WhiteElo "1920"]
[BlackElo "1928"]
[WhiteTeam "Wasa SK"]
[BlackTeam "She plays to win Lionesses #1"]
[WhiteFideId "1701657"]
[BlackFideId "480681"]
[EventDate "2025.10.19"]

1. Nf3 d5 2. g3 Nf6 3. Bg2 g6 4. O-O c6 5. d4 Bg7 6. b3 O-O 7. Bb2 Bf5 8. Nbd2
Ne4 9. Rc1 Nd7 10. Nh4 Nxd2 11. Qxd2 Be6 12. Nf3 Bf5 13. Nh4 Be6 14. Nf3 Bf5 15.
Nh4 Be6 16. Nf3 Bf5 17. Nh4 Be6 1/2-1/2

[Event "29th ECC Women 2025"]
[Site "Rhodes GRE"]
[Date "2025.10.23"]
[Round "5.21"]
[White "Li, Xueyi"]
[Black "Tokhirjonova, Gulrukhbegim"]
[Result "0-1"]
[WhiteTitle "WGM"]
[BlackTitle "IM"]
[WhiteElo "2211"]
[BlackElo "2370"]
[WhiteTeam "Streatham & Brixton"]
[BlackTeam "SK Zmaj"]
[WhiteFideId "8605912"]
[BlackFideId "14203626"]
[EventDate "2025.10.19"]

1. d4 Nf6 2. c4 e6 3. Nf3 d5 4. Nc3 c6 5. Qd3 dxc4 6. Qxc4 b5 7. Qd3 a6 8. g4
Nxg4 9. Rg1 Nf6 10. e4 Nbd7 11. Be3 Qa5 12. Bd2 b4 13. e5 bxc3 14. Bxc3 Qc7 15.
exf6 Nxf6 16. Ne5 Bb7 17. O-O-O g6 18. Kb1 c5 19. d5 Bxd5 20. Ng4 Nxg4 21. Rxg4
Rg8 22. Qh3 h5 23. Ra4 Qc6 24. Ra5 Be7 25. Qe3 f6 26. Be2 Kf7 27. Ka1 Qc7 28. h3
Rgd8 29. Rg1 Qh2 30. Re1 Bd6 31. Bxh5 gxh5 32. Qh6 e5 33. Qxh5+ Ke7 34. Qh7+ Bf7
35. Qf5 Rh8 36. f4 Be6 37. Qe4 Qxf4 38. Qb7+ Bd7 39. Rg1 Rhg8 40. Rd1 Qc4 0-1

[Event "29th ECC Women 2025"]
[Site "Rhodes GRE"]
[Date "2025.10.23"]
[Round "5.22"]
[White "Malikova, Marjona"]
[Black "Xu, Ruixi"]
[Result "1/2-1/2"]
[WhiteTitle "WIM"]
[WhiteElo "2042"]
[BlackElo "1530"]
[WhiteTeam "SK Zmaj"]
[BlackTeam "Streatham & Brixton"]
[WhiteFideId "14212463"]
[BlackFideId "8640610"]
[EventDate "2025.10.19"]

1. d4 d5 2. c4 dxc4 3. e3 e5 4. Bxc4 exd4 5. Nf3 Bb4+ 6. Bd2 Bxd2+ 7. Qxd2 Nf6
8. O-O O-O 9. exd4 Nbd7 10. Nc3 c6 11. Bb3 Nb6 12. h3 Nbd5 13. Rfe1 h6 14. Ne5
Bf5 15. Re2 Re8 16. g4 Be6 17. Bc2 Nxc3 18. bxc3 c5 19. f4 Nd7 20. Qd3 Nxe5 21.
Qh7+ Kf8 22. dxe5 Qh4 23. Qh8+ Ke7 24. Qxg7 Qg3+ 25. Rg2 Qe3+ 26. Rf2 Qg3+ 27.
Rg2 Qe3+ 28. Kh1 Qxh3+ 29. Kg1 Qe3+ 30. Kh1 Qh3+ 31. Kg1 Qe3+ 32. Kh1 Qh3+ 33.
Kg1 Qe3+ 1/2-1/2

[Event "29th ECC Women 2025"]
[Site "Rhodes GRE"]
[Date "2025.10.23"]
[Round "5.23"]
[White "Wang, Shanshan"]
[Black "Salimova, Asal"]
[Result "1/2-1/2"]
[BlackTitle "WCM"]
[WhiteElo "2007"]
[BlackElo "2123"]
[WhiteTeam "Streatham & Brixton"]
[BlackTeam "SK Zmaj"]
[WhiteFideId "8605262"]
[BlackFideId "14204940"]
[EventDate "2025.10.19"]

1. e4 e6 2. d4 d5 3. e5 c5 4. c3 Nc6 5. Nf3 Bd7 6. Bd3 cxd4 7. O-O dxc3 8. Nxc3
Nge7 9. Bg5 a6 10. Re1 Qb8 11. Na4 b5 12. Nc5 Ng6 13. Nxd7 Kxd7 14. Be4 Nge7 15.
Rc1 h6 16. Bxe7 Nxe7 17. Re2 Ke8 18. Bb1 Qb7 19. Rec2 Rc8 20. Rxc8+ Nxc8 21. Qc2
Kd7 22. Nd4 Na7 23. a4 Be7 24. Qb3 Qb6 25. Ne2 Rc8 26. Rf1 b4 27. Qg3 Bf8 28.
Qf3 Ke8 29. Rd1 Nc6 30. Qf4 Na5 31. Bd3 b3 32. Rc1 Rxc1+ 33. Qxc1 Nc6 34. Qc3
Kd7 35. Nc1 Bc5 36. Qxb3 Bxf2+ 37. Kf1 Nb4 38. Bb5+ axb5 39. Qxb4 bxa4 40. Qxa4+
Ke7 41. Nd3 Bd4 42. Qa3+ Ke8 43. Qa4+ Kd8 44. Qa8+ Kc7 45. Qf8 Qc6 46. Qe7+ Qd7
47. Qb4 Bb6 48. Ke2 Qd8 49. Qf4 Qe7 50. b4 Kb7 51. b5 Qc7 52. Kf3 Qc4 53. Qxf7+
Bc7 54. Qg6 Qxb5 55. g3 Qc4 56. Nf4 Qc3+ 57. Kg4 Qxe5 58. Nxe6 d4 59. Nf4 Qe7
60. Qb1+ Kc8 61. Qb3 Bxf4 62. Kxf4 Qg5+ 63. Ke4 Qg4+ 64. Ke5 Qe2+ 65. Kxd4 Qf2+
66. Ke4 Qg2+ 67. Ke3 Qg1+ 68. Kf3 Qh1+ 69. Ke3 Qc1+ 70. Ke2 Qg5 71. Qg8+ Kd7 72.
Qf7+ Kc6 73. Qe6+ Kc7 74. Kf3 Qh5+ 75. Kg2 Qg5 76. h4 Qd2+ 77. Kh3 Qd4 78. h5
Kd8 79. g4 1/2-1/2

[Event "29th ECC Women 2025"]
[Site "Rhodes GRE"]
[Date "2025.10.23"]
[Round "5.24"]
[White "Agarwal, Amaya"]
[Black "Yang, Le"]
[Result "1-0"]
[WhiteTitle "WCM"]
[WhiteElo "1818"]
[BlackElo "1723"]
[WhiteTeam "SK Zmaj"]
[BlackTeam "Streatham & Brixton"]
[WhiteFideId "48733580"]
[BlackFideId "8654085"]
[EventDate "2025.10.19"]

1. e4 c5 2. c3 d5 3. exd5 Qxd5 4. d4 g6 5. Nf3 Bg7 6. Be3 cxd4 7. cxd4 Nh6 8.
Nc3 Qd6 9. Nb5 Qd8 10. Qc1 Nf5 11. Nc7+ Kf8 12. Nxa8 Nc6 13. Bf4 Nfxd4 14. Nxd4
Qxd4 15. Qd2 Qe4+ 16. Be2 Qxg2 17. O-O-O Nd4 18. Bd3 Qc6+ 19. Kb1 Be6 20. Qb4
Qd5 21. Qa3 Bg4 22. Nc7 Qf3 23. Rhe1 Qxf4 24. Qxe7+ Kg8 25. Nd5 Qf3 26. Qd8+ Bf8
27. Ne7+ Kg7 28. Qxd4+ Kh6 29. Be2 Bf5+ 30. Nxf5+ Qxf5+ 31. Bd3 1-0